| 000 | 00671nam a2200241 i 4500 | ||
|---|---|---|---|
| 001 | bg | ||
| 245 | 0 | 0 |
_aMarketing : _bleksykon / _c[przekł. z ang. Marek Szpanowski, Magdalena Jóźwicka]. |
| 246 |
_iTyt. oryg.: _aPocket marketing |
||
| 260 |
_aWarszawa : _bStudio EMKA, _c1997. |
||
| 300 |
_a254 s. ; _c20 cm. |
||
| 490 | 1 | _aThe Economist Books | |
| 500 | _aOryg.: "Pocket marketing" 1996. | ||
| 650 | 9 | _aMarketing | |
| 655 | _aEncyklopedie | ||
| 830 | _aThe Economist Books | ||
| 020 | _a8385881840 | ||
| 040 | _cBPK | ||
| 041 | 1 |
_apl _hen |
|
| 080 | _a339.138(03) | ||
| 920 | _a83-85881-84-0 | ||
| 942 | _cKS | ||
| 008 | s pl f |000 0 pol | ||
| 999 |
_c34135 _d34135 |
||
| 856 |
_uhttp://koha.tu.koszalin.pl/cgi-bin/koha/opac-detail.pl?biblionumber=34135 _yKatalog online BPK |
||